| 000 | 00461nam a22001697a 4500 | ||
|---|---|---|---|
| 003 | NUST - PNEC | ||
| 005 | 20170116181044.0 | ||
| 008 | 150923b xxu||||| |||| 00| 0 eng d | ||
| 020 | _a8129706695 | ||
| 040 | _cLIBRARY | ||
| 082 | _a650.01513 PUN | ||
| 100 |
_911670 _aPunaini, Gurvinder Singh |
||
| 245 |
_aBusiness mathematics and statistics _cGurvinder Singh Punaini |
||
| 260 | _cc 2005 | ||
| 650 |
_911671 _aBusiness mathematics _xMIS |
||
| 942 |
_2ddc _cBK |
||
| 999 |
_c68179 _d68179 |
||